000 00774nac a22002415a 4500
008 150907s2007 xxua f | 001 0 eng d
020 _a9780750684392
040 _aEG-ScBUE
_beng
082 0 4 _a621.430287
_bMAR
_222
100 1 _aMartyr, A. J.
245 1 0 _aEngine testing :theory and practice :
_btheory and practice /
_cA. J. Martyr; Michael Plint.
250 _a3rd ed.
260 _aLondon ;
_aNew York :
_bElsevier,
_c2007.
300 _axvi, 442 p. :
_bill. ;
_c25 cm.
500 _aIndex : p. 423-442.
504 _aIncludes bibliographical references.
590 _aSAMEH
651 _2BUEsh
653 _bENGGEN
655 _vreading book
_934232
650 0 _917834
_aInternal combustion engines
_xTesting
_2BUEsh
700 1 _aPlint, M. A.
_917833
999 _c8349
_d8349